00582nam a2200181 a 4500001001000000003000900010005001700019007000300036008004100039040002500080049000900105245008600114260003800200300002700238942001300265952010500278999001700383000029890DO-SdBNP20230404101821.0ta110426s19uu dr 000 0 spa d aDO-SdBNPbspacBNPHU aBNPD10aGuía sobre el código para la protección de niños, niñas y adolescentes. aSanto Domingo :bUNICEF,c[199?]. a18 p. :bil. ;c28 cm. 2ddccLF2 0010718PDaPDbPDcCTd2011-04-26iLF1l0o p29890-10r2020-06-25w2020-06-25yLFPDZNo se presta c29382d29382